书目信息 |
| 题名: |
离散数学
|
|
| 作者: | 约翰逊鲍, 著 ;石纯一 , 金涬 , 张新良 译 | |
| 分册: | ||
| 出版信息: | 北京 电子工业出版社 2005.09 |
|
| 页数: | 685页 | |
| 开本: | 26cm | |
| 丛书名: | 国外计算机科学教材系列 | |
| 单 册: | ||
| 中图分类: | O158 | |
| 科图分类: | ||
| 主题词: | 离散数学--li san shu xue--教材 | |
| 电子资源: | ||
| ISBN: | 7-121-01258-8 | |
| 000 | 01450nam 2200337 450 | |
| 001 | 012006506338 | |
| 005 | 20060920153647.87 | |
| 010 | @a7-121-01258-8@dCNY66.00 | |
| 100 | @a20060707d2005 km y0chiy0120 ea | |
| 101 | 1 | @achi@ceng |
| 102 | @aCN@b110000 | |
| 105 | @aa a 000yy | |
| 200 | 1 | @a离散数学@Ali san shu xue@d= Discrete mathematics@e第6版@f(美) Richard Johnsonbaugh著@F(mei)Richard Johnsonbaugh zhu@g石纯一, 金涬, 张新良等译@Gshi chun yi,jin xing,zhang xin liang deng yi@zeng |
| 210 | @a北京@c电子工业出版社@d2005.09 | |
| 215 | @a685页@c图@d26cm | |
| 225 | 2 | @a国外计算机科学教材系列@Aguo wai ji suan ji ke xue jiao cai xi lie |
| 305 | @a据2004年英文版第6版译出 | |
| 306 | @a由电子工业出版社和Pearson Education培生教育出版北亚洲有限公司合作出版 | |
| 314 | @a责任者规范汉译姓:约翰逊鲍 | |
| 320 | @a有书目 (第677-681页)。 | |
| 330 | @a本书从算法和问题求解的角度介绍离散数学的基本概念及相关知识,深入浅出地讲解了数理逻辑、组合算法、图论、Boole代数、网络模型、形式语言与自动机理论等与计算机科学密切相关的前沿课题。 | |
| 410 | 0 | @12001 @a国外计算机科学教材系列 |
| 510 | 1 | @aDiscrete mathematics@zeng |
| 606 | 0 | @a离散数学@Ali san shu xue@j教材 |
| 690 | @aO158@v4 | |
| 701 | 1 | @a约翰逊鲍,@Ayue han xun bao,@bR.@g(Johnsonbaugh, Richard)@4著 |
| 702 | 0 | @a石纯一@Ashi chun yi@4译 |
| 702 | 0 | @a金涬@Ajin xing@4译 |
| 702 | 0 | @a张新良@Azhang xin liang@4译 |
| 801 | 0 | @aCN@bQSSK@c20060920 |
| 905 | @a10447@dO158@eY944 | |
| 离散数学= Discrete mathematics:第6版/(美) Richard Johnsonbaugh著/石纯一, 金涬, 张新良等译.-北京:电子工业出版社,2005.09 |
| 685页:图;26cm.-(国外计算机科学教材系列) |
| ISBN 7-121-01258-8:CNY66.00 |
| 本书从算法和问题求解的角度介绍离散数学的基本概念及相关知识,深入浅出地讲解了数理逻辑、组合算法、图论、Boole代数、网络模型、形式语言与自动机理论等与计算机科学密切相关的前沿课题。 |
| ● |
| 相关链接 |
|
|
|
正题名:离散数学
索取号:O158/Y944
 
预约/预借
| 序号 | 登录号 | 条形码 | 馆藏地/架位号 | 状态 | 备注 |
| 1 | 594427 | 205944273 | 自科库401/401自科库 42排7列2层/ [索取号:O158/Y944] | 在馆 | |
| 2 | 594428 | 205944282 | 自科库401/401自科库 42排7列2层/ [索取号:O158/Y944] | 在馆 | |
| 3 | 594429 | 205944291 | 自科库401/401自科库 42排7列2层/ [索取号:O158/Y944] | 在馆 |